Conciencia liberal y conciencia nacional /
Guardado en:
| Hovedforfatter: | |
|---|---|
| Format: | Texto |
| Udgivet: |
Panamá:
Universidad de Panamá
|
| Fag: | |
| Tags: |
Tilføj Tag
Ingen Tags, Vær først til at tagge denne postø!
|
MARC
| LEADER | 00000 a a2200000 04500 | ||
|---|---|---|---|
| 001 | 46217 | ||
| 003 | |||
| 040 | |||
| 020 | |a [Sin ISSN] | ||
| 090 | |a REV1592 (51) | ||
| 100 | |a Soler, Ricaurte | ||
| 245 | |a Conciencia liberal y conciencia nacional / |c Ricaurte Soler | ||
| 260 | |a Panamá: |b Universidad de Panamá | ||
| 650 | |a LIBERALISMO | ||
| 650 | |a DOTRINAS ECONOMICAS | ||
| 650 | |a NACIONALISMO | ||
| 650 | |a PANAMA | ||
| 650 | |a COLOMBIA | ||
| 773 | |g número51 (1994) IV EPOCA | ||
| 999 | |c 36885 |d 36885 | ||
